000 00864nam a2200241 a 4500
001 70934
003 BD-RjUL
005 20211209082045.0
008 170423s1998 bg b 000 0 eng
020 _a9845591010
035 _a(BD-RjUL)71148
040 _aDLC
_cDLC
_beng
_dBD-RjUL
041 _aeng
082 _223
_a363.96
_bSAI 1998
100 1 _aSarwar, Hasan.
_9167929
245 1 0 _aImpact of poverty alleviation programmes on health nutrition and family planning :
_ba case study of six programme villages /
_cHasan Sarwar.
260 _aKotbari, Comilla :
_bBangladesh Academy for Rural Development,
_c1998.
300 _a44 p. ;
_c22 cm.
504 _aIncludes bibliographical references (p. 43-44).
650 0 _aEconomic assistance, Domestic
_zBangladesh
_vCase studies.
_9209920
650 0 _aEconomic surveys
_zBangladesh.
_9209921
942 _2ddc
_cBK
999 _c70934
_d70934